000 00649nam a2200193Ia 4500
003 GCL
008 140319s9999 xx 000 0 ara d
040 _aGCL /
_cGCL
082 0 4 _aط
_b371.9044
_bد ع
100 1 _aدار الشروق
245 1 0 _aعالم ديزنى اضحك ولون - بندق فى السيرك - بطوط فى رحلة لحديقة الحيوان /
_cدار الشروق
260 _aالقاهرة :
_bدار الشروق
300 _aمتعدد ؛
_c24 سم
490 _aعالم ديزنى
_v0
650 0 4 _aالاطفال
650 0 4 _aالتلوين
650 0 4 _aالتعليم فى الفن
942 _2ddc
_cBK
999 _c57163
_d57163